00550cam a22001812 4500001001100000005001700011008004100028040001500069110006100084245009400145250001300239260003800252300001100290610003200301700002900333852000300362852000300365000001880020151217155859.0100706s xx 000 0 eng d aKABUcKABU2 aKenya.bPresident.f2002-2004.pMwai Kibaki.@000017821410aLaying the foundation for a working nation :bspeeches /cby H. E. President Mwai Kibaki. a1st ed. aNairobi :bGovt. Printer,c[2004] a92 p.20aKenyaxHistory.@00001502151 aMwai Kibaki.@00001782151 1